| 000 | 00596nam a22002057a 4500 | ||
|---|---|---|---|
| 999 |
_c6508 _d6508 |
||
| 001 | 3717 | ||
| 003 | BD-DhUAP | ||
| 005 | 20210103143736.0 | ||
| 008 | 201222r19901982at a b 001 0 eng | ||
| 020 | _a0170060543 | ||
| 040 |
_aDNLM/DLC _cDLC _dBD-DhUAP _beng |
||
| 082 | 0 | 0 |
_a808.81 STE _223 |
| 100 | _aStewart, Maureen. | ||
| 245 |
_aPoetry in time / _cMaureen Stewart. |
||
| 260 |
_aMelbourne : _bNelson, _cc1982 [Reprinted 1990]. |
||
| 300 |
_axiv, 262 pages : _billustrations ; _c22 cm. |
||
| 504 | _aIncludes bibliographies and index. | ||
| 650 |
_aPoetry _vCollections. |
||
| 942 |
_2ddc _cBK |
||